National Assembly Library of Thailand

มงคลพิธี 12 เดือนประจำชาติไทย / (ระเบียนเลขที่ 1526)

รายละเอียดในรูปแบบ MARC
000 -LEADER
fixed length control field 00842nam a22002177a 4500
003 - CONTROL NUMBER IDENTIFIER
control field NALT
005 - DATE AND TIME OF LATEST TRANSACTION
control field 20220428072150.0
008 - FIXED-LENGTH DATA ELEMENTS--GENERAL INFORMATION
fixed length control field s2507 th tha d
040 ## - CATALOGING SOURCE
Original cataloging agency NALT
041 ## - LANGUAGE CODE
Language code of text/sound track or separate title tha
050 ## - LIBRARY OF CONGRESS CALL NUMBER
Classification number DS 568
Item number พ6 2507
100 0# - MAIN ENTRY--PERSONAL NAME
Personal name พัทธยากร
9 (RLIN) 14480
245 10 - TITLE STATEMENT
Title มงคลพิธี 12 เดือนประจำชาติไทย /
Statement of responsibility, etc. พัทธยากร.
260 ## - PUBLICATION, DISTRIBUTION, ETC.
Place of publication, distribution, etc. พระนคร :
Name of publisher, distributor, etc. เกษมบรรณกิจ,
Date of publication, distribution, etc. 2507.
300 ## - PHYSICAL DESCRIPTION
Extent 201 หน้า
650 #0 - SUBJECT ADDED ENTRY--TOPICAL TERM
Topical term or geographic name entry element พิธีทางศาสนาและพิธีกรรม
9 (RLIN) 14455
651 #0 - SUBJECT ADDED ENTRY--GEOGRAPHIC NAME
Geographic name ไทย
General subdivision ความเป็นอยู่และประเพณี
9 (RLIN) 7234
850 ## - HOLDING INSTITUTION
Holding institution NALT
942 ## - ADDED ENTRY ELEMENTS (KOHA)
Koha item type Rarebook
Source of classification or shelving scheme Library of Congress Classification
998 ## - STAFF NAME (NALT)
-- 1020
-- จำเรียง ระวังสำโรง
รายการที่มีในห้องสมุด
Withdrawn status Lost status Source of classification or shelving scheme Damaged status Not for loan Collection code Home library Current library Total Checkouts Full call number Barcode Date last seen Price effective from Koha item type
    Library of Congress Classification     Rarebook collection National Assembly Library of Thailand National Assembly Library of Thailand   DS 568 พ6 2507 3961100661 09/06/2017 09/06/2017 Rarebook
หอสมุดรัฐสภา
สำนักงานเลขาธิการสภาผู้แทนราษฎร เลขที่ 1111 ถนนสามเสน แขวงถนนนครไชยศรี เขตดุสิต กรุงเทพฯ 10300
The Secretariat of the House of Representatives 1111 Samsen Road, Thanon Nakhon Chai Si, Dusit, Bangkok 10300, THAILAND
โทรศัพท์: +66(0) 2242 5900 ต่อ 5714-5 โทรสาร: +66(0) 2242 5990 อีเมล: [email protected]